000 00728nam a2200217 i 4500
001 56277
003 ES-MaACL
005 20250822063122.0
007 t|
008 031007s1957 sp ||||1| spa d
100 1 _aDíaz de Villegas, José,
_d1894-1968
_944253
245 1 0 _aGuerra de Liberación
_b: (la fuerza de la razón) /
_cGeneral José Díaz de Villegas y Bustamante.
250 _a[1ª ed.].
260 _aBarcelona :
_bAHR,
_c[1957]
300 _a402 p. :
_b31 graf. ;
_c18 cm.
490 1 _aLa epopeya y sus héroes
651 4 _aEspaña-
_xHistoria-
_y1936-1939, Guerra civil.
_98292
830 0 _aLa epopeya y sus héroes
_9182575
852 _aES-MaACL
_jC-12919
_bR.41042
999 _c56277
_d56277